Statystyki dla Stacje PKP obsługiwane przez Koleje Mazowieckie (KM)

Kliknij tutaj aby rozwiązać quiz!

Ogólne statystyki

  • Ten quiz został rozwiązany 178 razy
  • Średni wynik to 60 z 299

Statystyki odpowiedzi

PowiatNazwa stacji% Poprawnych
Ochota (W-wa)Warszawa Zachodnia
81%
Praga Południe (W-wa)Warszawa Wschodnia
77%
OtwockiOtwock
76%
MińskiMińsk Mazowiecki
71%
LegionowskiLegionowo
70%
SiedleckiSiedlce
70%
PłockiPłock
69%
RadomskiRadom Główny
67%
WołomińskiWołomin
67%
PruszkowskiPruszków
66%
Śródmieście (W-wa)Warszawa Śródmieście
66%
NowodworskiNowy Dwór Mazowiecki
65%
PiaseczyńskiPiaseczno
65%
Śródmieście (W-wa)Warszawa Centralna
63%
Ochota (W-wa)Warszawa Ochota
63%
SochaczewskiSochaczew
62%
Ursus (W-wa)Warszawa Ursus
62%
GarwolińskiGarwolin
61%
GrodziskiGrodzisk Mazowiecki
61%
PłońskiPłońsk
61%
ŻyrardowskiŻyrardów
61%
CiechanowskiCiechanów
59%
Wola (W-wa)Warszawa Wola
59%
KutnowskiKutno
58%
MławskiMława
58%
SkierniewickiSkierniewice
57%
Śródmieście (W-wa)Warszawa Gdańska
57%
Praga Południe (W-wa)Warszawa Stadion
57%
OstrołęckiOstrołęka
56%
Rembertów (W-wa)Warszawa Rembertów
56%
Wawer (W-wa)Warszawa Wawer
56%
WyszkowskiWyszków
54%
Targówek (W-wa)Warszawa Praga
53%
Śródmieście (W-wa)Warszawa Powiśle
52%
Włochy (W-wa)Warszawa Włochy
52%
DziałdowskiDziałdowo
50%
SierpeckiSierpc
50%
WołomińskiTłuszcz
50%
Wesoła (W-wa)Warszawa Wesoła
49%
NowodworskiModlin
48%
Wola (W-wa)Warszawa Główna
48%
Praga Północ (W-wa)Warszawa Wileńska
45%
RyckiDęblin
44%
Ursus (W-wa)Warszawa Ursus Niedźwiadek
44%
ŁukowskiŁuków
43%
SkarżyskiSkarżysko-Kamienna
43%
Ochota (W-wa)Warszawa Aleje Jerozolimskie
43%
Włochy (W-wa)Warszawa Lotnisko Chopina
43%
Praga Północ (W-wa)Warszawa ZOO
43%
Wawer (W-wa)Warszawa Anin
42%
PruszkowskiPiastów
41%
WołomińskiZielonka
41%
Mokotów (W-wa)Warszawa Służewiec
40%
WołomińskiZąbki
40%
PiaseczyńskiGóra Kalwaria
39%
MińskiSulejówek
39%
Wola (W-wa)Warszawa Koło
39%
Targówek/Białołęka (W-wa)Warszawa Toruńska
39%
Żoliborz/Wola (W-wa)Warszawa Powązki
38%
GostynińskiGostynin
37%
LegionowskiLegionowo Piaski
37%
MińskiSulejówek Miłosna
37%
Wola (W-wa)Warszawa Młynów
37%
Ursynów (W-wa)Warszawa Okęcie
37%
Praga Południe (W-wa)Warszawa Olszynka Grochowska
37%
Ochota (W-wa)Warszawa Rakowiec
37%
OtwockiJózefów
36%
NowodworskiNasielsk
36%
Białołęka (W-wa)Warszawa Płudy
36%
ŁowickiŁowicz Główny
35%
PrzysuskiPrzysucha
35%
Wawer (W-wa)Warszawa Falenica
35%
Ursus (W-wa)Warszawa Gołąbki
35%
WołomińskiKobyłka
33%
GrójeckiWarka
33%
Targówek (W-wa)Warszawa Zacisze Wilno
33%
Białołęka (W-wa)Warszawa Żerań
33%
Ochota (W-wa)Warszawa Żwirki i Wigury
33%
WołomińskiWołomin Słoneczna
33%
Warszawski ZachodniBłonie
32%
LegionowskiLegionowo Przystanek
32%
WołomińskiRadzymin
32%
Białołęka (W-wa)Warszawa Choszczówka
31%
PruszkowskiBrwinów
30%
MińskiHalinów
30%
GrodziskiMilanówek
30%
Warszawski ZachodniOżarów Mazowiecki
30%
Ursynów (W-wa)Warszawa Dawidy
30%
Wawer (W-wa)Warszawa Międzylesie
30%
Wesoła (W-wa)Warszawa Wola Grzybowska
30%
SzydłowieckiSzydłowiec
29%
Wawer (W-wa)Warszawa Gocławek
29%
Wawer (W-wa)Warszawa Radość
29%
Ursus (W-wa)Warszawa Ursus Północny
29%
MińskiMrozy
28%
GarwolińskiPiława
28%
LegionowskiWieliszew
28%
SiedleckiSiedlce Zachodnie
27%
OtwockiCelestynów
26%
Wawer (W-wa)Warszawa Miedzeszyn
26%
Rembertów (W-wa)Warszawa Mokry Ług
26%
OstrowskiMałkinia
25%
Ursynów (W-wa)Warszawa Jeziorki
25%
PiaseczyńskiNowa Iwiczna
24%
SiemiatyckiSiemiatycze
24%
PiaseczyńskiCzachówek Południowy
23%
SiedleckiSiedlce Wschodnie
23%
HajnowskiCzeremcha
22%
OtwockiOtwock Świder
21%
MińskiMińsk Mazowiecki Anielina
20%
LegionowskiNieporęt
20%
WołomińskiZielonka Bankowa
20%
MińskiDębe Wielkie
19%
RadomskiPionki
19%
GrodziskiJaktorów
18%
WołomińskiKobyłka Ossów
18%
SochaczewskiTeresin-Niepokalanów
18%
SiedleckiKotuń
17%
WęgrowskiŁochów
17%
SiedleckiMordy
17%
MińskiNowe Dębe Wielkie
17%
PruszkowskiParzniew
17%
PiaseczyńskiZalesie Górne
17%
MińskiCisie
16%
PiaseczyńskiCzachówek Wschodni
16%
OtwockiMichalin
16%
Warszawski ZachodniPłochocin
16%
NowodworskiPomiechówek
16%
SkierniewickiSkierniewice Rawka
16%
MławskiMława Miasto
15%
OtwockiOtwock Śródborów
15%
MińskiCegłów
14%
OpoczeńskiDrzewica
14%
CiechanowskiCiechanów Przemysłowy
13%
LegionowskiMichałów Reginów
13%
GrodziskiMiędzyborów
13%
PłockiPłock Radziwie
13%
GrójeckiChynów
12%
GarwolińskiSobolew
12%
PiaseczyńskiCzachówek Górny
11%
NowodworskiJanówek
11%
WołomińskiJasienica Mazowiecka
11%
PłockiŁąck
11%
RadomskiRadom Południowy
11%
PiaseczyńskiUstanówek
11%
MińskiBarcząca
10%
NowodworskiBrody Warszawskie
10%
LegionowskiDąbkowizna
10%
OtwockiKołbiel
10%
WołomińskiUrle
10%
WołomińskiZagościniec
10%
GrodziskiBoża Wola
9%
DziałdowskiIłowo
9%
OtwockiPogorzel Warszawska
9%
NowodworskiStudzianki Nowe
9%
NowodworskiCieksyn
8%
WołomińskiDobczyn
8%
GrójeckiMichalczew
8%
RadomskiPionki Zachodnie
8%
ŻyrardowskiSucha Żyrardowska
8%
Warszawski ZachodniWitanów
8%
PrzysuskiZygmuntów
8%
ŁowickiBednary
7%
SiedleckiBorki Kosy
7%
KozienickiGrabów nad Pilicą
7%
GrójeckiKrężel
7%
OstrołęckiPasieki
7%
SochaczewskiPiasecznica
7%
ŻyrardowskiRadziwiłłów Mazowiecki
7%
OtwockiStara Wieś
7%
PłońskiWkra
7%
BiałobrzeskiDobieszyn
6%
GrójeckiGośniewice
6%
MińskiGrodziszcze Mazowieckie
6%
SkierniewickiJasionna Łowicka
6%
SzydłowieckiJastrząb
6%
RadomskiJedlnia Letnisko
6%
ŻyrardowskiJesionka
6%
WyszkowskiMostówka
6%
DziałdowskiNarzym
6%
WyszkowskiPrabuty Góry
6%
PłońskiRaciąż
6%
RadomskiRadom Potkanów
6%
GrójeckiSułkowice
6%
MińskiWrzosów
6%
OtwockiAugustówka
5%
CiechanowskiGąsocin
5%
OstrołęckiGierwaty
5%
OstrołęckiGoworowo
5%
WołomińskiKlembów
5%
MińskiMienia
5%
WołomińskiMokra Wieś
5%
WęgrowskiOstrówek Węgrowski
5%
OstrowskiProstyń
5%
RadomskiRóżki
5%
WyszkowskiRybienko
5%
SiedleckiSabinka
5%
WęgrowskiSadowne Węgrowskie
5%
WęgrowskiTopór
5%
PłońskiBaboszewo
4%
RadomskiBartodzieje
4%
CiechanowskiCzeruchy
4%
WyszkowskiDalekie
4%
KozienickiGarbatka Letnisko
4%
CiechanowskiGołotczyzna
4%
WołomińskiJarzębia Łąka
4%
NowodworskiKątne
4%
MławskiKonopki
4%
SochaczewskiKornelin
4%
SiedleckiKosiorki
4%
WołomińskiKrusze
4%
RadomskiKruszyna
4%
RadomskiLesiów
4%
WyszkowskiLeszczydół
4%
SkarżyskiLipowe Pole
4%
WyszkowskiLucynów
4%
SiedleckiMordy Miasto
4%
SochaczewskiNowa Sucha
4%
PłockiPłock Trzepowo
4%
WyszkowskiPrzetycz
4%
SiedleckiRadomyśl
4%
RadomskiRajec Poduchowny
4%
RadomskiRuda Wielka
4%
SochaczewskiSeroki
4%
KutnowskiStrzelce Kujawskie
4%
WołomińskiSzewnica
4%
RadomskiAntoniówka
3%
KutnowskiAzory
3%
KozienickiBąkowiec
3%
WęgrowskiBarchów
3%
SiedleckiBiałki Siedleckie
3%
PrzysuskiBieliny Opoczyńskie
3%
SzydłowieckiChronów
3%
OtwockiChrosna
3%
WołomińskiChrzęsne
3%
SiedleckiCierpigórz
3%
PłońskiDalanówek
3%
SiedleckiDziewule
3%
SzydłowieckiGąsawy Plebańskie
3%
NowodworskiJackowo Dworskie
3%
RadomskiJedlnia Kościelna
3%
GrodziskiKałęczyn
3%
RadomskiKończyce Radomskie
3%
SiedleckiKoszewnica
3%
MławskiKrośnice Mazowieckie
3%
ŁukowskiKrynka Łukowska
3%
ŁowickiMysłaków
3%
ŁosickiNiemojki
3%
SiemiatyckiNowy Nurzec
3%
SiematyckiNurzec
3%
ŁosickiPlaterów
3%
RadomskiPodbór
3%
RyckiRokitnia Stara
3%
GarwolińskiRuda Talubska
3%
ŁosickiSarnaki
3%
GostynińskiSierakówek
3%
PrzysuskiSkrzynno
3%
PrzysuskiSmogorzów Przysuski
3%
SiedleckiSosnowe
3%
SiedleckiStok Lacki
3%
BiałobrzeskiStrzyżyna
3%
MławskiStupsk Mazowiecki
3%
PułtuskiŚwiercze
3%
PrzysuskiWieniawa
3%
RadomskiWola Bierwiecka
3%
RadomskiWola Lipieniecka
3%
RadomskiWolanów
3%
GarwolińskiWola Rowska
3%
MławskiWyszyny
3%
OtwockiZabieżki
3%
KozienickiZajezierze koło Dęblina
3%
WyszkowskiZygmuntowo Mazowieckie
3%
KozienickiŻytkowice
3%
PłońskiArcelin
2%
SiemiatyckiBorowiki
2%
GarwolińskiŁaskarzew Przystanek
2%
GarwolińskiLeokadia
2%
NowodworskiLotnisko Modlin
2%
GarwolińskiMika
2%
KutnowskiRaciborów Kutnowski
2%
GarwolińskiŻyczyn
2%
LegionowskiChomotów
1%
ŁosickiFronołów
1%
SierpeckiGozdowo
1%
SkierniewickiKęszyce
1%
SiedleckiKrzymosze
1%
ŁosickiPatków
1%
PłockiProboszczewice Płockie
1%
SiemiatyckiSycze
1%
WłodawskiGrabniak
0%
WyszkowskiGrzegorzowo
0%
PłońskiKaczorowo
0%
PłońskiKoziebrody
0%
SierpeckiMieszaki
0%
GostynińskiRogożew
0%
SierpeckiSusk
0%
GarwolińskiWygoda
0%
SierpeckiZawidz
0%
SierpeckiZawidz Kościelny
0%

Rozkład punktacji

Percentyl według liczby udzielonych odpowiedzi

Procent ludzi z każdym wynikiem

Twoja historia wyników

Nie rozwiązałeś tego quizu